Economía internacional (Registro nro. 47831)

Detalles MARC
000 -ENCABEZADO
Número de control [NR] 00904nam a2200265Ia 4500
008 - DE LONGITUD FIJA DE DATOS DE ELEMENTOS - INFORMACIÓN GENERAL
Elementos de longitud fija [NR] 130821s2004 mx a gr spa
020 ## - NUMERO INTERNACIONAL NORMALIZADO PARA LIBROS [R]
Número Internacional Normalizado del libro [NR] 9706863524
040 ## - FUENTE DE CATALOGACION [NR]
Agencia de catalogación original [NR] Co-BoUCM
Idioma de catalogación [NR] spa
041 00 - CODIGO DE IDIOMA [R]
Código de idioma para texto/pista de sonido o título separado [R] Español
100 1# - ASIENTO PRINCIPAL--NOMBRE PERSONAL [NR]
Nombre personal [NR] Carbaugh, Robert J.
245 10 - MENCION DE TITULO [NR]
Título [NR] Economía internacional
Mención de responsabilidad, etc. [NR] Robert J. Carbaugh; traducción de Pilar Mascaró Sacristan
250 ## - MENCION DE EDICION [NR]
Mención de edición [NR] 9a. ed.
260 ## - PUBLICACION, DISTRIBUCION, ETC. (PIE DE IMPRENTA) [R]
Lugar de publicación, distribución, etc. [R] México D.F. (México)
Nombre del editor, distribuidor, etc. [R] Thompson
Fecha de publicación, distribución, etc. [R] 2004
300 ## - DESCRIPCION FISICA [R]
Extensión [R] xxiv, 543 páginas
Otros detalles físicos [NR] ilustraciones, tablas, cuadros
504 ## - NOTA DE BIBLIOGRAFIA, ETC. [R]
Nota de bibliografía, etc. [NR]
650 04 - ASIENTO SECUNDARIO DE MATERIA - TERMINO TEMATICO [R]
Término temático o nombre geográfico como elemento de entrada [NR] Aranceles de aduana
9 (RLIN) 9296
650 04 - ASIENTO SECUNDARIO DE MATERIA - TERMINO TEMATICO [R]
Término temático o nombre geográfico como elemento de entrada [NR] Economía internacional
9 (RLIN) 7543
650 04 - ASIENTO SECUNDARIO DE MATERIA - TERMINO TEMATICO [R]
Término temático o nombre geográfico como elemento de entrada [NR] Economía
9 (RLIN) 174
650 04 - ASIENTO SECUNDARIO DE MATERIA - TERMINO TEMATICO [R]
Término temático o nombre geográfico como elemento de entrada [NR] Política comercial
9 (RLIN) 7944
650 04 - ASIENTO SECUNDARIO DE MATERIA - TERMINO TEMATICO [R]
Término temático o nombre geográfico como elemento de entrada [NR] Relaciones comerciales
9 (RLIN) 8039
700 1# - ASIENTO SECUNDARIO - NOMBRE PERSONAL [R]
Nombre personal [NR] Mascaro SACRISTAN, Pilar
Término de relación [R]
765 10 - ASIENTO DE IDIOMA ORIGINAL [R]
Asiento principal [NR] International Economics
942 ## - ELEMENTOS DE ENTRADA AGREGADOS (KOHA)
Tipo de ítem principal el descrito en 300a Libro
Tema principal [No clasificado]
Edición 9
Parte restante de la signatura top. C257e
Sistema de clasificación DEWEY
Clasificación 337
Existencias
Fecha de último préstamo Total préstamos Signatura topográfica Código de barras Última vez visto Volúmen / Fascículo Ejemplar Price effective from Tipo de ítem Perdido Sistema de clasificación Dañado No prestable Tipo de ítem específico Suprimido Ubicación habitual Ubicación actual Localización Fecha de creación Forma de adquisición Costo
30/03/2012 2 337 C257e 100122562 04/12/2025 9a. Ed. Ej.2 03/02/2013 Libro   DEWEY     Libro   Claustro Claustro Mezanine 28/02/2012 Donación 26000.00
10/02/2012 81 337 C257e 100075503 04/12/2025 9a. Ed. Ej.1 03/02/2013 Libro   DEWEY     Libro   Claustro Claustro Mezanine 28/02/2005 Compra 31200.00